Normal view
MARC view
- Luxán Meléndez, Santiago de
Entry Nombre Personal
001 - NUMERO DE CONTROL
- campo de control: 47183
003 - IDENTIFICADOR DE NUMERO DE CONTROL
- campo de control: UPN
005 - FECHA Y HORA DE LA ÜLTIMA TRANSACCIÓN
- campo de control: 20221024182249.0
008 - DATOS DE LONGITUD FIJA
- campo de control de longitud fija: 221024|||az|nnaaan a aba d
040 ## - FUENTE DE CATALOGACIÓN
- Agencia original de catalogación: MX-MxUPN
- Lenguaje de catalogación: spa
- Description conventions: rda
100 1# - ENCABEZAMIENTO - NOMBRE PERSONAL
- Nombre personal: Luxán Meléndez, Santiago de
371 ## - DIRECCIÓN
- Electronic mail address: sluxan@dch.ulpgc.es
373 ## - GRUPO ASOCIADO
- Associated group: Universidad de las Palmas de Gran Canaria
374 ## - OCUPACIÓN
- Occupation: Profesor
- Occupation: Investigador
400 1# - VEÁSE - NOMBRE DE PERSONA
- Personal name: Meléndez, Santiago de Luxán
400 1# - VEÁSE - NOMBRE DE PERSONA
- Personal name: Luxán, Santiago de
670 ## - FUENTE EN LA QUE SE LOCALIZARON DATOS
- Cita de la fuente: Tabaco e historia, 2006:
- Información localizada: portada (Santiago de Luxán) página 303 (Santiago de Luxán Meléndez; profesor e investigador de la Universidad de las Palmas de Gran Canaria; sluxan@dch.ulpgc.es)
902 ## - CATALOGADOR
- Catalogador: VAGG/241022
